AC Milan Goalkeeper By Year - Statistics

General Stats
  • This quiz has been taken 1,680 times
    455 since last reset
  • The average score is 30 of 75
Answer Stats
Season Goalkeeper % Correct
2024-25 Mike Maignan
94%
2023-24 Mike Maignan
94%
2022-23 Mike Maignan
94%
2021-22 Mike Maignan
94%
2020-21 Gianluigi Donnarumma
90%
2019-20 Gianluigi Donnarumma
90%
2018-19 Gianluigi Donnarumma
90%
2017-18 Gianluigi Donnarumma
90%
2016-17 Gianluigi Donnarumma
90%
2015-16 Gianluigi Donnarumma
90%
2009-10 Dida
89%
2006-07 Dida
89%
2005-06 Dida
89%
2004-05 Dida
89%
2003-04 Dida
89%
2002-03 Dida
89%
2013-14 Christian Abbiati
68%
2012-13 Christian Abbiati
68%
2011-12 Christian Abbiati
68%
2010-11 Christian Abbiati
68%
2008-09 Christian Abbiati
68%
2001-02 Christian Abbiati
68%
2000-01 Christian Abbiati
68%
1999-00 Christian Abbiati
68%
1998-99 Christian Abbiati
68%
1997-98 Sebastiano Rossi
48%
1996-97 Sebastiano Rossi
48%
1995-96 Sebastiano Rossi
48%
1994-95 Sebastiano Rossi
48%
1993-94 Sebastiano Rossi
48%
1992-93 Sebastiano Rossi
48%
1991-92 Sebastiano Rossi
48%
2014-15 Diego López
43%
1958-59 Lorenzo Buffon
28%
1957-58 Lorenzo Buffon
28%
1956-57 Lorenzo Buffon
28%
1955-56 Lorenzo Buffon
28%
1954-55 Lorenzo Buffon
28%
1953-54 Lorenzo Buffon
28%
1952-53 Lorenzo Buffon
28%
1951-52 Lorenzo Buffon
28%
1950-51 Lorenzo Buffon
28%
1988-89 Giovanni Galli
22%
1987-88 Giovanni Galli
22%
1986-87 Giovanni Galli
22%
2007-08 Zeljko Kalac
18%
1979-80 Enrico Albertosi
13%
1978-79 Enrico Albertosi
13%
1977-78 Enrico Albertosi
13%
1976-77 Enrico Albertosi
13%
1975-76 Enrico Albertosi
13%
1974-75 Enrico Albertosi
13%
1971-72 Fabio Cudicini
13%
1970-71 Fabio Cudicini
13%
1969-70 Fabio Cudicini
13%
1968-69 Fabio Cudicini
13%
1967-68 Fabio Cudicini
13%
1990-91 Andrea Pazzagli
7%
1989-90 Andrea Pazzagli
7%
1997-98 Massimo Taibi
7%
1963-64 Giorgio Ghezzi
6%
1962-63 Giorgio Ghezzi
6%
1961-62 Giorgio Ghezzi
6%
1960-61 Giorgio Ghezzi
6%
1959-60 Giorgio Ghezzi
6%
1985-86 Giuliano Terraneo
6%
1984-85 Giuliano Terraneo
6%
1973-74 Villiam Vecchi
6%
1972-73 Villiam Vecchi
6%
1983-84 Ottorino Piotti
5%
1981-82 Ottorino Piotti
5%
1966-67 Mario Barluzzi
4%
1965-66 Mario Barluzzi
4%
1964-65 Mario Barluzzi
4%
1956-57 Narciso Soldan
3%
No matching quizzes found
Score Distribution
Percent of People with Each Score
Percentile by Number Answered
Your Score History
You have not taken this quiz since the last reset